[Event "Heusenstamm Schloss op"]
[Site "Heusenstamm"]
[Date "2022.11.20"]
[Round "7"]
[White "Weyerer, Noah"]
[Black "Hilbenz, Guntram"]
[Result "1-0"]
[WhiteElo "1605"]
[BlackElo "1829"]
[PlyCount "55"]
[EventDate "2022.11.17"]
[EventType "swiss"]
[EventRounds "7"]
[EventCountry "GER"]
[SourceTitle "CBM 212 Extra"]
[Source "ChessBase"]
[SourceDate "2023.03.31"]
[SourceVersion "1"]
[SourceVersionDate "2023.03.31"]
[SourceQuality "1"]

1. c4 c6 2. Nc3 d5 3. cxd5 cxd5 4. d4 Nf6 5. Bf4 a6 6. e3 Nc6 7. Bd3 g6 8. Nf3 Bg7 9. Qe2 Bg4 10. h3 Bxf3 11. Qxf3 0-0 12. 0-0 h6 13. Rac1 e6 14. a3 Qe7 15. Bh2 Rfc8 16. Na4 Nd7 17. Nc5 Nxc5 18. Rxc5 b6 19. Rc2 a5 20. Rfc1 Na7 21. Rc7 Qe8 22. Qf4 g5 23. Qf3 f5 24. g4 Rxc7 25. Rxc7 Nb5 26. Bxb5 Qxb5 27. gxf5 exf5 28. Qxf5 1-0

[Event "Heusenstamm Schloss op"]
[Site "Heusenstamm"]
[Date "2022.11.18"]
[Round "2"]
[White "Hagner, Bennet"]
[Black "Weyerer, Noah"]
[Result "1-0"]
[WhiteElo "2336"]
[BlackElo "1605"]
[PlyCount "79"]
[EventDate "2022.11.17"]
[EventType "swiss"]
[EventRounds "7"]
[EventCountry "GER"]
[SourceTitle "CBM 212 Extra"]
[Source "ChessBase"]
[SourceDate "2023.03.31"]
[SourceVersion "1"]
[SourceVersionDate "2023.03.31"]
[SourceQuality "1"]

1. Nf3 e6 2. g3 d5 3. Bg2 Nf6 4. 0-0 Bd6 5. d4 b6 6. c4 c6 7. Nc3 0-0 8. Nd2 Bc7 9. e4 dxc4 10. Nxc4 b5 11. Ne3 b4 12. Ne2 Bb7 13. Qc2 Nbd7 14. Rd1 Nb6 15. b3 Rc8 16. Bb2 Qe7 17. a3 a5 18. axb4 axb4 19. Qc5 Qxc5 20. dxc5 Nbd7 21. Bxf6 Nxf6 22. Ra7 Rb8 23. Nc2 Rfc8 24. Nxb4 Kf8 25. f4 Ke8 26. Nd4 Bd8 27. e5 Nd5 28. Bxd5 exd5 29. Nf5 Be7 30. Nxe7 Kxe7 31. Na6 Ke6 32. Nxb8 Rxb8 33. b4 Kd7 34. Rb1 Kc7 35. b5 Ra8 36. b6+ Kc8 37. f5 Rb8 38. e6 fxe6 39. fxe6 Kd8 40. Rf1 1-0

[Event "GER-ch U14"]
[Site "Willingen"]
[Date "2022.06.09"]
[Round "7"]
[White "Weyerer, Noah"]
[Black "Kieselbach, Jannik"]
[Result "1/2-1/2"]
[WhiteElo "1555"]
[BlackElo "1631"]
[PlyCount "148"]
[EventDate "2022.06.04"]
[EventType "swiss"]
[EventRounds "9"]
[EventCountry "GER"]
[SourceTitle "CBM 208 Extra"]
[Source "ChessBase"]
[SourceDate "2022.07.31"]
[SourceVersion "1"]
[SourceVersionDate "2022.07.31"]
[SourceQuality "1"]

1. c4 Nf6 2. Nc3 e6 3. d4 d5 4. cxd5 exd5 5. Bg5 c6 6. e3 Bf5 7. Qf3 Bg6 8. Bxf6 Qxf6 9. Qxf6 gxf6 10. Nf3 Nd7 11. Nh4 Be7 12. f4 f5 13. Nf3 Nf6 14. a3 Ne4 15. Rc1 Bd6 16. Na4 0-0 17. Nc5 b6 18. Nb7 Rac8 19. Nxd6 Nxd6 20. b4 f6 21. Bd3 Rfe8 22. Kf2 Ne4+ 23. Bxe4 fxe4 24. Nd2 Rc7 25. Rc2 Rec8 26. Rhc1 Kf8 27. Nb3 Ke7 28. g4 Kd6 29. h4 Bf7 30. g5 Be6 31. gxf6 Rf8 32. b5 Bd7 33. bxc6 Rxc6 34. Rxc6+ Bxc6 35. Rg1 Rxf6 36. Rg7 Rh6 37. Kg3 Rg6+ 38. Rxg6+ hxg6 39. Kg4 Ke7 40. Kg5 Kf7 41. f5 gxf5 42. Kxf5 a5 43. Ke5 Kg6 44. Kd6 Ba8 45. Kc7 Kh5 46. Kxb6 Kxh4 47. Kxa5 Kg3 48. Na1 Kf3 49. Nc2 Ke2 50. Kb4 Kd2 51. Kb3 Bb7 52. Kb2 Ba6 53. a4 Bd3 54. Nb4 Kxe3 55. Nxd5+ Kxd4 56. Nc3 e3 57. a5 Bc4 58. Kc2 Bd3+ 59. Kb2 Be4 60. Ne2+ Kd3 61. Nf4+ Kd2 62. a6 Ke1 63. a7 Kf2 64. Kc1 Ba8 65. Kd1 Bf3+ 66. Kc1 Kf1 67. Kc2 Kf2 68. Kc1 Kg3 69. Ne2+ Kg4 70. Kd1 Ba8 71. Ke1 Kf3 72. Nc3 Bb7 73. Nd1 Ke4 74. Nxe3 Kxe3 1/2-1/2

[Event "GER-ch U12"]
[Site "Willingen"]
[Date "2020.10.30"]
[Round "6"]
[White "Krueger, Arthur"]
[Black "Weyerer, Noah"]
[Result "0-1"]
[WhiteElo "1704"]
[BlackElo "1536"]
[PlyCount "70"]
[EventDate "2020.10.26"]
[EventType "swiss"]
[EventRounds "7"]
[EventCountry "GER"]
[SourceTitle "CBM 199 Extra"]
[Source "ChessBase"]
[SourceDate "2021.01.31"]
[SourceVersion "1"]
[SourceVersionDate "2021.01.31"]
[SourceQuality "1"]

1. e4 e6 2. d4 d5 3. e5 c5 4. c3 Nc6 5. Nf3 Bd7 6. Bd3 f6 7. 0-0 Qc7 8. Bf4 0-0-0 9. Bg3 Qb6 10. Qc2 h6 11. a4 c4 12. Bg6 f5 13. Nbd2 Nge7 14. Nh4 Be8 15. Bxe8 Rxe8 16. f4 g5 17. Nhf3 Rg8 18. b3 Na5 19. bxc4 dxc4 20. Rab1 Qc7 21. Qb2 Nd5 22. Ne1 Qc6 23. Rc1 Re7 24. Qb5 Qc7 25. Qb2 a6 26. fxg5 hxg5 27. Nc2 f4 28. Be1 Rh7 29. Ne4 g4 30. Nf6 Nxf6 31. exf6 Rgh8 32. Bd2 f3 33. h3 Rxh3 34. gxh3 Qg3+ 35. Kh1 Qg2# 0-1

[Event "Heusenstamm Sparkassen op-B 6th"]
[Site "Heusenstamm"]
[Date "2019.11.22"]
[Round "3"]
[White "Hegel, Jonas"]
[Black "Weyerer, Noah"]
[Result "1/2-1/2"]
[WhiteElo "1616"]
[BlackElo "1362"]
[PlyCount "98"]
[EventDate "2019.11.21"]
[EventType "swiss"]
[EventRounds "7"]
[EventCountry "GER"]
[SourceTitle "CBM 194 Extra"]
[Source "ChessBase"]
[SourceDate "2020.03.31"]
[SourceVersion "1"]
[SourceVersionDate "2020.03.31"]
[SourceQuality "1"]

1. e4 e6 2. d4 d5 3. exd5 exd5 4. Nf3 Bd6 5. Bd3 Nc6 6. 0-0 Nge7 7. c3 Bg4 8. Nbd2 Qd7 9. b4 Ng6 10. Re1+ Nce7 11. Nb3 Nh4 12. Be2 Nxf3+ 13. Bxf3 Bxf3 14. Qxf3 0-0 15. Bd2 c6 16. Re2 Ng6 17. Rae1 Rfe8 18. Qh3 Red8 19. Qxd7 Rxd7 20. Re8+ Rxe8 21. Rxe8+ Nf8 22. Na5 Rc7 23. Rd8 b6 24. Rxd6 bxa5 25. Rd8 f6 26. Bf4 Re7 27. Kf1 Rd7 28. Rxd7 Nxd7 29. bxa5 a6 30. Bd6 Kf7 31. Ke2 Ke6 32. Bb4 f5 33. f3 Nf6 34. Bf8 g6 35. Bg7 Nd7 36. Kd3 Kd6 37. f4 Ke6 38. Ke3 Nf6 39. Bxf6 Kxf6 40. Kd3 Ke6 41. c4 Kd6 42. c5+ Ke6 43. Ke3 h6 44. h3 Kf6 45. Kf3 g5 46. g4 fxg4+ 47. Kxg4 Kg6 48. fxg5 hxg5 49. Kf3 Kf5 1/2-1/2

[Event "Bad Soden U14 op"]
[Site "Bad Soden"]
[Date "2019.10.05"]
[Round "7"]
[White "Eull, Emil"]
[Black "Weyerer, Noah"]
[Result "1-0"]
[WhiteElo "1504"]
[BlackElo "1362"]
[PlyCount "37"]
[EventDate "2019.10.03"]
[EventType "swiss"]
[EventRounds "9"]
[EventCountry "GER"]
[SourceTitle "CBM 192 Extra"]
[Source "Chessbase"]
[SourceDate "2019.11.06"]
[SourceVersion "1"]
[SourceVersionDate "2019.11.06"]
[SourceQuality "1"]

1. e4 e6 2. d4 d5 3. Nc3 Bb4 4. e5 Ne7 5. Qg4 0-0 6. Nf3 Bxc3+ 7. bxc3 c5 8. Bd3 Nf5 9. Bg5 Qa5 10. 0-0 Kh8 11. Qh5 Nd7 12. g4 g6 13. Qh3 Ng7 14. Be7 Kg8 15. Qh6 Re8 16. Ng5 Nf8 17. Bf6 Nf5 18. gxf5 Rb8 19. Qg7# 1-0

[Event "Bad Soden U14 op"]
[Site "Bad Soden"]
[Date "2019.10.04"]
[Round "4"]
[White "Weyerer, Noah"]
[Black "Miranda Martin, Pablo Mateo"]
[Result "1-0"]
[WhiteElo "1362"]
[BlackElo "1606"]
[PlyCount "61"]
[EventDate "2019.10.03"]
[EventType "swiss"]
[EventRounds "9"]
[EventCountry "GER"]
[SourceTitle "CBM 192 Extra"]
[Source "Chessbase"]
[SourceDate "2019.11.06"]
[SourceVersion "1"]
[SourceVersionDate "2019.11.06"]
[SourceQuality "1"]

1. f4 d5 2. Nf3 c5 3. e3 Nc6 4. Bb5 Qb6 5. Bxc6+ bxc6 6. 0-0 Nf6 7. d3 e6 8. b3 Be7 9. Qe2 0-0 10. Kh1 Ba6 11. c4 Ne8 12. e4 Nc7 13. Bb2 Rad8 14. Nbd2 Rd7 15. Ne5 Rd6 16. Ng4 f6 17. Rf3 dxc4 18. dxc4 Rfd8 19. Bc3 Ne8 20. Rg3 Kh8 21. Nh6 Bf8 22. Nf7+ Kg8 23. Nxd6 Rxd6 24. e5 fxe5 25. fxe5 Rd8 26. Rf1 Qc7 27. Ba5 Qxa5 28. Qf3 Nd6 29. exd6 Bxd6 30. Qf7+ Kh8 31. Qxg7# 1-0

[Event "Heusenstamm Sparkassen op-B 5th"]
[Site "Heusenstamm"]
[Date "2018.11.22"]
[Round "1"]
[White "Chambers, Dominik Keith"]
[Black "Weyerer, Noah"]
[Result "1-0"]
[WhiteElo "1715"]
[BlackElo "1318"]
[PlyCount "127"]
[EventDate "2018.11.22"]
[EventType "swiss"]
[EventRounds "7"]
[EventCountry "GER"]
[SourceTitle "CBM 187 Extra"]
[Source "ChessBase"]
[SourceDate "2018.11.04"]
[SourceVersion "1"]
[SourceVersionDate "2018.11.04"]
[SourceQuality "1"]

1. Nf3 d6 2. g3 Nf6 3. Bg2 e5 4. d3 Be7 5. 0-0 0-0 6. Nbd2 c6 7. e4 Re8 8. Nc4 Be6 9. Ne3 Qc7 10. c4 a5 11. Bd2 Na6 12. Qc2 c5 13. a3 Ng4 14. Nd5 Bxd5 15. exd5 Nf6 16. Bh3 Qb6 17. Ng5 h6 18. Ne4 Nxe4 19. dxe4 Nc7 20. Rab1 Qa6 21. Qd3 b5 22. b3 bxc4 23. bxc4 Rab8 24. Bd7 Red8 25. Rxb8 Rxb8 26. Bb5 Nxb5 27. Rb1 Qa7 28. Rxb5 Rxb5 29. cxb5 Qc7 30. Qc4 Qb6 31. a4 Bg5 32. f4 exf4 33. Bxf4 Bxf4 34. gxf4 Qd8 35. Qc3 Qh4 36. Qg3 Qf6 37. e5 dxe5 38. fxe5 Qf5 39. d6 Qb1+ 40. Kg2 Qc2+ 41. Qf2 Qe4+ 42. Qf3 Qg6+ 43. Kf2 Qc2+ 44. Qe2 Qf5+ 45. Ke1 Qb1+ 46. Qd1 Qe4+ 47. Kd2 Qxe5 48. d7 Qxh2+ 49. Kc3 Qg3+ 50. Qd3 Qe5+ 51. Kc4 Qe6+ 52. Kxc5 Qe5+ 53. Kc6 Qf6+ 54. Kc7 Qe5+ 55. Qd6 Qc3+ 56. Kb6 Qe3+ 57. Ka6 Kh7 58. d8Q f6 59. Qd3+ Qxd3 60. Qxd3+ g6 61. Qd7+ Kg8 62. b6 f5 63. b7 f4 64. b8R# 1-0

[Event "Rhein Main op-B 21st"]
[Site "Bad Homburg"]
[Date "2018.06.03"]
[Round "7"]
[White "Schneider, Stephan1111"]
[Black "Weyerer, Noah"]
[Result "0-1"]
[WhiteElo "1498"]
[BlackElo "1263"]
[PlyCount "96"]
[EventDate "2018.05.30"]
[EventType "swiss"]
[EventRounds "7"]
[EventCountry "GER"]
[SourceTitle "EXT 2019"]
[Source "ChessBase"]
[SourceDate "2018.10.10"]
[SourceVersion "1"]
[SourceVersionDate "2018.10.10"]
[SourceQuality "1"]

1. e4 d6 2. d4 Nf6 3. Nc3 e5 4. dxe5 dxe5 5. Qxd8+ Kxd8 6. Bg5 Be6 7. Nf3 Bd6 8. Rd1 Ke7 9. Bd3 c6 10. 0-0 Nbd7 11. Nd2 h6 12. Bxf6+ gxf6 13. Nc4 Bc5 14. a3 Rag8 15. Kh1 Bxc4 16. Bxc4 Nb6 17. Be2 Rd8 18. f4 Rxd1 19. Nxd1 Bd6 20. Ne3 Bc7 21. fxe5 Bxe5 22. b3 Rd8 23. Rd1 Rxd1+ 24. Bxd1 Bf4 25. Nf5+ Ke6 26. g3 Bc1 27. a4 Ke5 28. Bf3 Nd7 29. b4 Nb6 30. a5 Nc4 31. Kg2 Ne3+ 32. Nxe3 Bxe3 33. Bh5 Kxe4 34. Bxf7 Ke5 35. Kf3 Bd2 36. Kg4 Bxb4 37. Kh5 Bxa5 38. Kxh6 Be1 39. g4 Bd2+ 40. Kh5 a5 41. h4 c5 42. g5 fxg5 43. hxg5 Bxg5 44. Kxg5 Kd4 45. Bb3 b5 46. Kf5 c4 47. Ba2 Kc3 48. Ke4 Kb2 0-1

[Event "GER-ch U10"]
[Site "Willingen"]
[Date "2018.05.26"]
[Round "11"]
[White "Malchereck, Romeo"]
[Black "Weyerer, Noah"]
[Result "0-1"]
[WhiteElo "1184"]
[BlackElo "1285"]
[PlyCount "42"]
[EventDate "2018.05.19"]
[EventType "swiss"]
[EventRounds "11"]
[EventCountry "GER"]
[SourceTitle "CBM 184 Extra"]
[Source "ChessBase"]
[SourceDate "2018.06.28"]
[SourceVersion "1"]
[SourceVersionDate "2018.06.28"]
[SourceQuality "1"]

1. Nf3 d5 2. g3 Nf6 3. Bg2 Nc6 4. d4 Bf5 5. a3 e6 6. 0-0 h5 7. Bg5 Be7 8. Nc3 Ne4 9. Bxe7 Qxe7 10. Nxe4 dxe4 11. Nd2 Nxd4 12. Nxe4 0-0-0 13. Qc1 Nxe2+ 14. Kh1 Nxc1 15. Raxc1 Bxe4 16. Bxe4 h4 17. c4 Rd2 18. Rc3 Rxb2 19. Rd1 hxg3 20. fxg3 Rhxh2+ 21. Kg1 Qc5+ 0-1